000 00952cab a2200265 4500
001 WB3245-29
008 090401t1996 xxu||||| |||| 00| 0 eng d
035 _a(Sirsi) u60332
041 _aeng
245 _aDamages awarded for contaminated land
260 _c1996
350 _a0
490 _aGuardian
_v27 November 1996, 6(1)
520 _aDamages of £6m were awarded against the Ministry of Defence for causing radioactive contamination of an industrial estate next to its nuclear weapons plant at Aldermaston. Blue Circle Industries brought the case after a deal to sell the land collapsed after the purchaser discovered the pollution by plutonium. Map.
650 _aALDERMASTON
650 _aCONTAMINATED LAND
650 _aDAMAGES
650 _aNUCLEAR INSTALLATION ACT 1965
650 _aPLUTONIUM
650 _aRADIOACTIVE CONTAMINATION
650 _aRADIOACTIVITY
690 _aLAND
942 _n0
948 _c04/03/1997
999 _c37185
_d37185